000
00321nam a22001337a 4500
008
170215b xxu||||| |||| 00| 0 eng d
020
_a
9780849390593
041
_a
eng
080
_2
7TH
_a
61
100
_a
4
101
_a
SHM
245
_a
MAYO CLINIC INTERNAL MEDICINE REVIEW 2006-2007
_c
HABERMAN, TH.M
942
_2
udc
_c
BK
999
_c
5564
_d
5564